Neues logarithmisch-trigonometrisches handbuch auf sieben decimalen, (Record no. 26475)

MARC details
000 -LEADER
fixed length control field 00711cam a22002291 4500
001 - CONTROL NUMBER
control field gs 26000257
003 - CONTROL NUMBER IDENTIFIER
control field DLC
005 - DATE AND TIME OF LATEST TRANSACTION
control field 20260227111330.0
008 - FIXED-LENGTH DATA ELEMENTS--GENERAL INFORMATION
fixed length control field 741204s1900 xx 000 0 ger
010 ## - LIBRARY OF CONGRESS CONTROL NUMBER
LC control number gs 26000257
035 ## - SYSTEM CONTROL NUMBER
System control number (OCoLC)1098702
040 ## - CATALOGING SOURCE
Original cataloging agency DLC
Transcribing agency TxDW
Modifying agency DLC
042 ## - AUTHENTICATION CODE
Authentication code premarc
050 00 - LIBRARY OF CONGRESS CALL NUMBER
Classification number QA55
Item number .B9
100 1# - MAIN ENTRY--PERSONAL NAME
Personal name Bruhns, C.
Fuller form of name (Carl),
Dates associated with a name 1830-1881.
245 10 - TITLE STATEMENT
Title Neues logarithmisch-trigonometrisches handbuch auf sieben decimalen,
Statement of responsibility, etc. bearbeitet von dr. C. Bruhns.
250 ## - EDITION STATEMENT
Edition statement 13. stereotypausg.
260 ## - PUBLICATION, DISTRIBUTION, ETC.
Place of publication, distribution, etc. New York,
Name of publisher, distributor, etc. G. E. Stechert & co.,
Date of publication, distribution, etc. 19--?
300 ## - PHYSICAL DESCRIPTION
Extent xxiii, [iv]-xxiii, [1], 610 p.
Other physical details tables.
Dimensions 25 cm.
500 ## - GENERAL NOTE
General note Printed in Austria.
650 #0 - SUBJECT ADDED ENTRY--TOPICAL TERM
Topical term or geographic name entry element Mathematics
General subdivision Tables.

No items available.

Powered by Koha